| 000 | 00606nam a22002177a 4500 | ||
|---|---|---|---|
| 001 | 46229 | ||
| 003 | BD-RjUL | ||
| 005 | 20211209054126.0 | ||
| 008 | 160801s1980 enka|||| b||| 001 0 eng d | ||
| 035 | _a(BD-RjUL)46347 | ||
| 040 |
_aBD-RjUL _beng _cBD-RjUL |
||
| 041 | _aeng | ||
| 082 |
_223 _a006.6 _bCOM 1980 |
||
| 245 | 0 | 0 |
_aComputer graphics : _banalysis / _cCharles White editor. |
| 260 |
_aMaidenhead, Berk. : _bInfotech Ltd., _c1980. |
||
| 300 |
_a v. : _bill. ; _c29 cm. |
||
| 505 | 1 | _aVol. 1 -- | |
| 650 |
_aComputer graphics _9117810 |
||
| 700 |
_aWhite, Charles. ed. _9141213 |
||
| 942 |
_2ddc _cBK |
||
| 999 |
_c46229 _d46229 |
||